Eliminating misconceptions / (Record no. 29917)
[ view plain ]
| 000 -الفاتح | |
|---|---|
| حقل البيانات ثابتة الطول | 01573nam a22003497i 4500 |
| 003 - محدد رقم الضبط | |
| رقم الضبط | EG-ScBUE |
| 005 - وقت وتاريخ اخر تعامل مع التسجيلة | |
| رقم الضبط | 20220731124319.0 |
| 008 - عناصر البيانات ثابتة الطول - معلومات عامة | |
| حقل البيانات ثابتة الطول | 220731s2021 ua f 000 0 eng d |
| 020 ## - الرقم الدولى المعيارى للكتب | |
| الرقم الدولى المعيارى للكتاب | 9789779131481 |
| 040 ## - مصدر الفهرسة | |
| وكالة الفهرسة الأصلية | EG-ScBUE |
| لغة الفهرسة | ara |
| قواعد الوصف | rda |
| وكالة النسخ | EG-ScBUE |
| وكالة التعديل | EG-ScBUE |
| 041 1# - رمز اللغة | |
| رمز لغة النص/ المسارات الصوتية أو العنوان الانفرادي | eng |
| رمز لغة الترجمات و/او الاصلية المتوسطة للنص | ara |
| 082 04 - رقم تصنيف ديوى العشرى | |
| رقم الطبعة | 22 |
| رقم التصنيف | 303.625 |
| رقم المادة | NAJ |
| 100 1# - المدخل الرئيسى - إسم شخصى | |
| الإسم الشخصى | Najjār, ʻAbd Allāh, |
| الدور | author. |
| 240 10 - العنوان الموحد | |
| عنوان موحد | مفاهيم يجب أن تصحح في مواجهة التطرف. |
| لغة العمل | English |
| 245 10 - بيان العنوان | |
| العنوان | Eliminating misconceptions / |
| بيان المسئوليه,etc | by prof. 'Abduallah M. Al-Najjar, a member of the Islamic Research Academy, prof. Muhammad Salem Abu-'Asi, dean of High Studies Faculty, Al-Azhar University ; revised and introduced by, prof. Muhammad Mukhtar Gomaa, Minister of Awqaf ; translated by Dr. Muhammad Fawzy Abdel-Hay ; edited by Dr. Kamal Boraiqa Abdelsalam Hassan. |
| 250 ## - بيان الطبعة | |
| بيان الطبعة | First edition. |
| 264 #1 - النشر، التوزيع | |
| مكان الناشر او الموزع | Cairo : |
| اسم الناشر او الموزع | Egyptian General Book, |
| تاريخ النشر أو التوزيع | 2021. |
| 300 ## - الوصف المادى | |
| التعداد | 79 pages ; |
| أبعاد الوعاء | 18 cm |
| 336 ## - نوع المحتوى | |
| source | rdacontent |
| Carrier Type Term | نص |
| Content Type Code | txt |
| 337 ## - نوع الوسيط | |
| source | rdamedia |
| Media Type Term | بدون وسيط |
| Media Type Code | n |
| 338 ## - نوع الحامل أو الناقل | |
| source | rdacarrier |
| Carrier Type Term | مجلد |
| Carrier Type Code | nc |
| 541 ## - تبصرة المصدر المباشر للتزويد | |
| طريقة التزويد | Donation ; |
| مصدر التزويد | Dr. Loutfi. |
| 546 ## - تبصرة اللغة | |
| تبصرة اللغة | Text in English ; translated from the original Arabic.<br/> |
| 650 #7 - المدخل الاضافى بالموضوع-مصطلح موضوعى | |
| مصدر الرأس أو المصطلح | BUEsh |
| مصطلح موضوعي أو اسم جغرافي كعنصر مدخل | Terrorism |
| التقسيم الفرعي العام | Religious aspects |
| -- | Islam. |
| 653 ## - مصطلح تكشيفى غير مقيد | |
| Resource For college | Generalities |
| Arrived date list | July2022 |
| 655 ## - مصطلح تكشيفى-نوع/شكل | |
| التقسيم الفرعي الشكلي | Reading book |
| -- | 34232 |
| 700 1# - المدخل الاضافى - اسم شخصى | |
| الإسم الشخصى | Abu-'Asi, Muhammad Salem, |
| الدور | author. |
| 700 1# - المدخل الاضافى - اسم شخصى | |
| الإسم الشخصى | Jumʻah, Muḥammad Mukhtār, |
| الدور | reviewer, |
| -- | author of introduction, etc. |
| 700 1# - المدخل الاضافى - اسم شخصى | |
| الإسم الشخصى | Hassan, Kamal Boraiqa Abdelsalam, |
| الدور | editor. |
| 700 1# - المدخل الاضافى - اسم شخصى | |
| الإسم الشخصى | Abdel-Hay, Muhammad Fawzy, |
| الدور | translator. |
| 942 ## - عناصر المدخل الإضافي( كوها) | |
| مصدر التصنيف او مخطط الترفيف | Dewey Decimal Classification |
| حالة التراجع | حالة الفقد | مصدر التصنيف او خطة الترفيف | حالة تلف | ليس للاعارة | مجموعات كوها | المكان الدائم | المكان الحالي | موقع الترفيف | تاريخ الاكتساب | Source of acquisition | رقم الاستدعاء | الباركود | Date last seen | نوع الوعاء |
|---|---|---|---|---|---|---|---|---|---|---|---|---|---|---|
| Dewey Decimal Classification | Donation-Gift | Central Library | Central Library | First floor | 31/07/2022 | Donation | 303.625 NAJ | 000056370 | 15/07/2025 | Book - Borrowing | ||||
| Dewey Decimal Classification | Donation-Gift | Central Library | Central Library | Lower Floor | 13/06/2023 | Donation | 303.625 NAJ | 000056787 | 15/07/2025 | Book - Borrowing | ||||
| Dewey Decimal Classification | Donation-Gift | Central Library | Central Library | Lower Floor | 13/06/2023 | Donation | 303.625 NAJ | 000056791 | 15/07/2025 | NB - Book (Non borrowing) | ||||
| Dewey Decimal Classification | Donation-Gift | Central Library | Central Library | Lower Floor | 13/06/2023 | Donation | 303.625 NAJ | 000056792 | 15/07/2025 | NB - Book (Non borrowing) |